Online
Catalog

Importancia del permanganato potásico en química analítica / (Record no. 55713)

MARC details
000 -CABECERA
campo de control de longitud fija 01482nam a22003137i 4500
003 - IDENTIFICADOR DEL NÚMERO DE CONTROL
campo de control DO-SdBNP
005 - FECHA Y HORA DE LA ÚLTIMA TRANSACCIÓN
campo de control 20240215091221.0
006 - CÓDIGOS DE INFORMACIÓN DE LONGITUD FIJA--CARACTERÍSTICAS DEL MATERIAL ADICIONAL
campo de control de longitud fija a||||fr|||| 00| 0
007 - CAMPO FIJO DE DESCRIPCIÓN FÍSICA--INFORMACIÓN GENERAL
campo de control de longitud fija ta
008 - DATOS DE LONGITUD FIJA--INFORMACIÓN GENERAL
campo de control de longitud fija 240117e1914 dr ||||| m||| 00| 0 spa d
040 ## - FUENTE DE LA CATALOGACIÓN
Centro catalogador/agencia de origen DO-SdBNP
Lengua de catalogación spa
Centro/agencia transcriptor BNPHU
Normas de descripción rda
082 ## - NÚMERO DE LA CLASIFICACIÓN DECIMAL DEWEY
Número de edición 22
Número de documento/Ítem L789i
100 1# - ENTRADA PRINCIPAL--NOMBRE DE PERSONA
Nombre de persona Lizardo E., R. Augusto
9 (RLIN) 84794
Término indicativo de función/relación autor
110 ## - ENTRADA PRINCIPAL--NOMBRE DE ENTIDAD CORPORATIVA
Nombre de entidad corporativa o nombre de jurisdicción como elemento de entrada Instituto Profesional de Santo Domingo.
Unidad subordinada Facultad Farmacia
9 (RLIN) 84795
245 10 - MENCIÓN DE TÍTULO
Título Importancia del permanganato potásico en química analítica /
Resto del título año académico de 1913 a 1914, tesis no. 10 para la Licenciatura /
Mención de responsabilidad, etc. R. Augusto Lizardo E.
246 13 - FORMA VARIANTE DE TÍTULO
Título propio/Titulo breve Tesis para la licenciatura
264 ## - PRODUCCIÓN, PUBLICACIÓN, DISTRIBUCIÓN, FABRICACIÓN Y COPYRIGHT
Producción, publicación, distribución, fabricación y copyright Santo Domingo :
Nombre del de productor, editor, distribuidor, fabricante Imprenta Escobar i Cía
Fecha de producción, publicación, distribución, fabricación o copyright 1914
300 ## - DESCRIPCIÓN FÍSICA
Extensión 23,[4] páginas ;
Dimensiones 23 cm.
336 ## - TIPO DE CONTENIDO
Fuente rdacontent
Término de tipo de contenido texto
Código de tipo de contenido txt
337 ## - TIPO DE MEDIO
Fuente rdamedia
Nombre/término del tipo de medio sin mediación
Código del tipo de medio n
338 ## - TIPO DE SOPORTE
Fuente rdacarrier
Nombre/término del tipo de soporte volumen
Código del tipo de soporte nc
500 ## - NOTA GENERAL
Nota general Art. 16 del reglamento interior del Instituto Profesional. En el examen final, el actuante está obligado á responder á todas las preguntas i observaciones del Jurado Examinador que directa é indirectamente se relaciona con su tesis.
500 ## - NOTA GENERAL
Nota general Tesis para la Licenciatura. <br/>Jurado Examinador: Prof. J. G. Obregón García / Catedrático.<br/>Vocales: Prof. Rafael Delgado Tejera / Catedrático, Prof. Álvaro Logroño / Catedrático.<br/>
504 ## - NOTA DE BIBLIOGRAFÍA, ETC.
Nota de bibliografía, etc. Bibliografía: página 27
505 ## - NOTA DE CONTENIDO CON FORMATO
Nota de contenido con formato
Información miscelánea
590 ## - NOTA LOCAL (RLIN)
Nota local Inventariado, 2024 /LP
910 ## - DATOS DE OPCIÓN DEL USUARIO (OCLC)
Datos de opción del usuario lopérez
942 ## - ELEMENTOS DE PUNTO DE ACCESO ADICIONAL (KOHA)
Fuente del sistema de clasificación o colocación Dewey Decimal Classification
Tipo de ítem Koha Folleto
Holdings
Estado de retiro Estado de pérdida Fuente del sistema de clasificación o colocación Restricciones de uso No para préstamo Código de colección Localización permanente Ubicación/localización actual Ubicación en estantería Fecha de adquisición Fuente de adquisición Total de préstamos Signatura topográfica completa Código de barras Fecha visto por última vez Precio válido a partir de Tipo de ítem Koha Nota pública Número de copia
    Dewey Decimal Classification Excluido de préstamo   Patrimonio Dominicano Raros y Valiosos Biblioteca Nacional Pedro Henríquez Ureña Biblioteca Nacional Pedro Henríquez Ureña En catalogación 17.01.2024 Perteneció a la biblioteca personal de Carlos Larrazábal Blanco.   L789i 2024-0282 17.01.2024 17.01.2024 Folleto Ejemplar autografiado por el autor  
    Dewey Decimal Classification Excluido de préstamo   Dominicana Folletos Raros y Valiosos Biblioteca Nacional Pedro Henríquez Ureña Biblioteca Nacional Pedro Henríquez Ureña En catalogación 17.01.2024 Perteneció a la biblioteca personal de Carlos Larrazábal Blanco.   L789i 2024-0296 17.01.2024 17.01.2024 Folleto Ejemplar autografiado por el autor e.2

Powered by Koha